<?xml version="1.0" encoding="UTF-8"?><?xml-stylesheet type="text/xsl" href="static/style.xsl"?><OAI-PMH xmlns="http://www.openarchives.org/OAI/2.0/" xmlns:xsi="http://www.w3.org/2001/XMLSchema-instance" xsi:schemaLocation="http://www.openarchives.org/OAI/2.0/ http://www.openarchives.org/OAI/2.0/OAI-PMH.xsd"><responseDate>2026-04-17T04:07:21Z</responseDate><request verb="GetRecord" identifier="oai:www.recercat.cat:10256/20715" metadataPrefix="marc">https://recercat.cat/oai/request</request><GetRecord><record><header><identifier>oai:recercat.cat:10256/20715</identifier><datestamp>2024-05-22T11:29:18Z</datestamp><setSpec>com_2072_452966</setSpec><setSpec>com_2072_2054</setSpec><setSpec>col_2072_452968</setSpec></header><metadata><record xmlns="http://www.loc.gov/MARC21/slim" xmlns:dcterms="http://purl.org/dc/terms/" xmlns:xsi="http://www.w3.org/2001/XMLSchema-instance" xmlns:doc="http://www.lyncode.com/xoai" xsi:schemaLocation="http://www.loc.gov/MARC21/slim http://www.loc.gov/standards/marcxml/schema/MARC21slim.xsd">
   <leader>00925njm 22002777a 4500</leader>
   <datafield ind2=" " ind1=" " tag="042">
      <subfield code="a">dc</subfield>
   </datafield>
   <datafield ind2=" " ind1=" " tag="720">
      <subfield code="a">Jordà Mas, Anna</subfield>
      <subfield code="e">author</subfield>
   </datafield>
   <datafield ind2=" " ind1=" " tag="260">
      <subfield code="c">2021-06</subfield>
   </datafield>
   <datafield ind2=" " ind1=" " tag="520">
      <subfield code="a">En aquest article es presenta una investigació-acció per determinar quines activitats i estratègies són eficaces per tal que els alumnes de segon cicle d’Educació Infantil desenvolupin habilitats musicals i alhora, adquireixin habilitats per treballar cooperativament. Per tal de dur a terme la investigació s’ha dissenyat una proposta pràctica amb els alumnes de P4-P5 de l’escola Eiximenis i seguidament, s’han valorat i analitzat les dades obtingudes. Durant el desenvolupament de la investigació, s’ha pogut corroborar que les activitats i estratègies han sigut útils per potenciar l’aprenentatge cooperatiu i l’adquisició de les habilitats de sensibilització musical</subfield>
   </datafield>
   <datafield ind2=" " ind1=" " tag="520">
      <subfield code="a">This final dissertation will show, through an action-research methodology, which activities and strategies are efficient for students in the second cycle of Early Childhood Education to develop musical skills and at the same time, acquire skills to work cooperatively. In order to carry out the research, a practical proposal with P4 and P5 students of Eiximenis school was designed. Afterwards the obtained data was evaluated and analyzed. Throughout the research, it has been possible to prove that the activities and strategies had been useful to enhance cooperative learning and the acquisition of musical abilities</subfield>
   </datafield>
   <datafield ind1="8" ind2=" " tag="024">
      <subfield code="a">http://hdl.handle.net/10256/20715</subfield>
   </datafield>
   <datafield tag="653" ind2=" " ind1=" ">
      <subfield code="a">Aprenentatge -- Treball en equip</subfield>
   </datafield>
   <datafield tag="653" ind2=" " ind1=" ">
      <subfield code="a">Ensenyament -- Treball en equip</subfield>
   </datafield>
   <datafield tag="653" ind2=" " ind1=" ">
      <subfield code="a">Música -- Educació infantil</subfield>
   </datafield>
   <datafield tag="653" ind2=" " ind1=" ">
      <subfield code="a">Música -- Ensenyament</subfield>
   </datafield>
   <datafield tag="653" ind2=" " ind1=" ">
      <subfield code="a">Team learning approach in education</subfield>
   </datafield>
   <datafield tag="653" ind2=" " ind1=" ">
      <subfield code="a">Group work in education</subfield>
   </datafield>
   <datafield tag="653" ind2=" " ind1=" ">
      <subfield code="a">Music -- Study and teaching (Preschool)</subfield>
   </datafield>
   <datafield tag="653" ind2=" " ind1=" ">
      <subfield code="a">Music -- Instruction and study</subfield>
   </datafield>
   <datafield ind2="0" ind1="0" tag="245">
      <subfield code="a">Activitats i estratègies de sensibilització musical per potenciar el desenvolupament de les habilitats musicals i el treball cooperatiu: proposta aplicada amb alumnes de P4 i P5 de l’escola Eiximenis</subfield>
   </datafield>
</record></metadata></record></GetRecord></OAI-PMH>